000 00848nam a22002417a 4500
001 44304
003 BD-RjUL
005 20211209053831.0
008 160716s1984 bg ||||| |||| 001 0 ben d
020 _c75.00
035 _a(BD-RjUL)44422
040 _aBD-RjUL
_beng
_cBD-RjUL
041 _aeng
082 _223
_a297
_bRAM 1984
100 1 0 _aরহমান, সাইদুর
_9136000
245 _aমুসলিম দর্শন ও সংস্কৃতি /
_cসাইদুর রহমান ; আমিনুল ইসলাম
260 _aঢাকা :
_bবাংলা একাডেমী,
_c১৯৮৪
300 _a৪০৮ পৃ.
_c১৯ সেমি.
500 _aনির্ঘন্ট
650 _aIslamic philosophy
_9136034
700 1 0 _aইসলাম, আমিনুল
_9136003
942 _2ddc
_cBK
_02
999 _c44304
_d44304